[Event "Lindores Abbey Final 8"]
[Site "chess24.com INT"]
[Date "2020.05.26"]
[Round "1.23"]
[White "So, Wesley"]
[Black "Carlsen, M."]
[Result "0-1"]
[WhiteElo "2770"]
[BlackElo "2863"]
[Annotator "Edouard,R"]
[PlyCount "68"]
[EventDate "2020.05.23"]
[EventType "k.o. (rapid)"]
[EventRounds "3"]
[EventCountry "USA"]
[SourceTitle "CBM 196 Extra"]
[Source "ChessBase"]
[SourceDate "2020.07.31"]
[SourceVersion "1"]
[SourceVersionDate "2020.07.31"]
[SourceQuality "1"]

1. Nf3 d5 2. d4 Nf6 3. c4 e6 4. g3 dxc4 5. Bg2 Bb4+ 6. Bd2 a5 $5 7. O-O $5 (7.
Qc2 {and 7.a3 are also possible - and were both played against Carlsen, by
Ding Liren and Giri (two draws).}) 7... O-O 8. Na3 $5 {An aggressive choice.} (
8. e3 Nc6 9. Qe2 e5 10. Nxe5 Nxe5 11. dxe5 Ng4 12. a3 Bxd2 13. Nxd2 Nxe5 14.
Nxc4 Nxc4 15. Qxc4 c6 $11 {0-1 (39) Matlakov,M (2685)-Gelfand,B (2676) chess.
com 2020}) (8. Qc2 $5 Bxd2 9. Nbxd2 (9. Qxd2 b5 10. a4 c6 11. Ne5 Ra6 12. Na3
Bd7 13. e4 Be8 14. Rfd1 Nbd7 $13 {1-0 (103) Le Quang Liem (2737)-Wang Hao 
(2709) Huai'an 2017}) 9... b5 10. a4 c6 11. b3 cxb3 12. Nxb3 b4 {and that's
just the beginning of complications: White can play 13.e4 or 13.Ne5, for
example.}) (8. Bg5 $5 {is another choice, giving Black a possiblity between
the solid 8...h6, the risy 8...b5, or even 8...Nc6!? played by Nakamura.}) 8...
Bxa3 9. bxa3 b5 {Now, time to have a look at Wesley's idea.} 10. Qb1 $5 $146 {
Almost a new move.} (10. Rb1 c6 11. Qc2 Qe7 12. Ne5 Nd5 13. e4 Nb6 14. Qc3 f6
15. Nf3 N8d7 $36 {0-1 (37) Carron,J (2314)-Bartel,M (2513) Instanbul 2005})
10... c6 ({The only existing game continued} 10... Ba6 11. e4 (11. Rd1 $5)
11... Nc6 $5 (11... h6 $5) 12. e5 Nd5 13. Ng5 g6 14. Qe4 c3 15. Qh4 h5 16. g4
$2 cxd2 17. gxh5 Qe7 $19 {and White's attack failed: 0-1 (27) Prydun,A (2224)
-Lagashin,P (2066) Lviv 2018. Surely in the game Wesley So would have come up
with a better idea!}) 11. e4 h6 12. g4 $6 {In the spirit of the position - but
it doesn't seem to work too well.} Nh7 $5 ({Obviously} 12... Nxg4 $2 13. e5 {
would be no fun for Black, as he would have to play} h5 14. h3 Nh6 {which
seems quite ugly.}) (12... Nbd7 $5 13. g5 hxg5 14. Nxg5 (14. e5 Nh7 $17) 14...
e5 {also seems to work pretty well for Black.}) (12... e5 $5 {works as well:}
13. g5 (13. dxe5 Bxg4 $1 14. exf6 Bxf3 15. fxg7 Re8 $17) 13... Nh7 14. gxh6
exd4 15. hxg7 Re8 $132) 13. h4 e5 $1 {Excellent reaction!} 14. Nxe5 (14. d5 f6
$15) (14. dxe5 $2 Bxg4 $19) 14... Qxd4 15. Bf4 Re8 16. Qc1 Qc5 $1 (16... Rxe5
$2 17. Rd1 $16) 17. Rd1 Na6 {Black had several good moves at his disposal.} (
17... Nf8 $5) (17... f6 $5 18. Nf3 Bxg4 19. a4 Qh5 20. Qc3 b4 21. Qxc4+ Be6 $15
) (17... Nf6 $5 18. g5 hxg5 19. hxg5 Ng4 20. Nxg4 Bxg4 21. Bd6 Qb6 22. Re1 Nd7
23. Qf4 Qd4 $1 $15) 18. Nxc6 Qxc6 (18... Nf6 $5 {seemed even better.}) (18...
Bxg4 $2 19. Rd6 $44) 19. e5 Qc5 20. Bxa8 Bxg4 21. Be3 $1 Qxe5 22. Rd4 {White
is getting counter chances.} Nf6 $6 (22... Qh5 {could have led to fun
positions:} 23. Bg2 Nf6 24. a4 Nc5 25. axb5 Nd3 26. Qc2 Bf3 27. Bxf3 Qxf3 28.
Rxc4 Ne5 29. Rf4 Qh3 30. b6 Neg4 31. Qc6 Qh2+ 32. Kf1 Nxe3+ 33. fxe3 Qh3+ 34.
Qg2 Qxe3 35. Qf3 Qxb6 $17) (22... Bf5 $5 {looks excellent for Black.}) 23. Bc6
Re6 24. Bg2 (24. Qb2 $1 {would have leveled up the game! It seems like both
players have missed it.}) 24... Nc5 25. Qc3 Kh7 26. Qxa5 Nd3 $2 (26... Rd6 $1
27. Qc7 Ne8 28. Qb8 Bf3 $1 $19 {Beautiful!}) 27. Rb1 Qf5 28. Rxb5 Qg6 29. Qa8
$2 (29. Kh2 $1 $13) 29... Ne5 $2 (29... Re8 30. Rb8 Bf3 $1 31. Qxf3 Rxb8 $19)
30. Rd8 Ne8 $5 (30... Nf3+ 31. Kh1 Qe4 {should be playable, but it is
definitely White who plays for a win.}) 31. Rxe8 $4 (31. Kh1 $13) 31... Rxe8
32. Qxe8 Nf3+ 33. Kh1 Qd3 $1 {And White gets mated or else has to give away
almost all of his pieces.} 34. Bd2 Qxd2 0-1

[Event "Lindores Abbey Final 8"]
[Site "chess24.com INT"]
[Date "2020.05.28"]
[Round "2.11"]
[White "Carlsen, M."]
[Black "Nakamura, Hikaru"]
[Result "1-0"]
[WhiteElo "2863"]
[BlackElo "2736"]
[Annotator "Edouard,R"]
[PlyCount "93"]
[EventDate "2020.05.23"]
[EventType "k.o. (rapid)"]
[EventRounds "3"]
[EventCountry "USA"]
[SourceTitle "CBM 196 Extra"]
[Source "ChessBase"]
[SourceDate "2020.07.31"]
[SourceVersion "1"]
[SourceVersionDate "2020.07.31"]
[SourceQuality "1"]

1. e4 e5 2. Nf3 Nc6 3. d4 exd4 4. Nxd4 Bc5 5. Nxc6 Qf6 6. Qf3 {An interesting
line, willing to play an endgam with a slightly better structure.} dxc6 7. Nc3
Be6 8. Be3 Bb4 ({Mostly Black went} 8... Qxf3 9. gxf3 Bxe3 10. fxe3 {and White
has a symbolic advantage, though here Black can play 10...Nf6, 10...Ne7, 10...
0-0-0, which are all playable.}) ({Blac can also try to keep queens, but he
will stand slightly worse:} 8... Qe7 9. O-O-O (9. Bxc5 $5 Qxc5 10. O-O-O Nf6
11. h3 O-O 12. Kb1 b5 13. Bd3 $36 {1-0 (34) Savchenko,B (2583)-Mamedyarov,S 
(2752) Moscow RUS 2007}) 9... Nf6 10. h3 Nd7 11. Qg3 O-O-O 12. Qxg7 Bxe3+ 13.
fxe3 $14 {1-0 (49) Sulskis,S (2503)-Kantans,T (2510) Tallinn 2018}) 9. O-O-O $1
(9. Bd2 O-O-O 10. O-O-O (10. a3 Bc5 11. Bd3 Qxf3 12. gxf3 Bd4 13. f4 f5 14.
exf5 Bd7 15. Be3 Bxc3+ 16. bxc3 Nh6 17. f6 gxf6 18. Bxa7 Bf5 $44 {½-½ (60)
Jones,G (2667)-Howell,D (2644) London 2016}) 10... Qg6 11. Qg3 f5 12. Bd3 Nf6
$13 {0-1 (73) Yu Yangyi (2738)-Nakamura,H (2785) Gibraltar 2017}) 9... Qxf3
$146 (9... Qe7 10. Bd4 Nf6 11. Be2 Bc5 12. Bxc5 Qxc5 13. Qg3 O-O 14. f4 $14 {
0-1 (49) Chigaev,M (2616)-Chen,Q (2432) Gibraltar 2020}) (9... Bxc3 10. bxc3
Qxc3 11. Bd4 Qxf3 12. gxf3 f6 13. f4 {would give White very pleasant
compensation.}) 10. gxf3 Ne7 11. h4 Bxc3 {Not sure that's a good choice for
Black, although anyway White is a bit better.} (11... f6 12. h5 Kf7 13. f4 f5
14. f3 $36) 12. bxc3 Rd8 13. Rxd8+ Kxd8 14. h5 f5 15. c4 Rf8 16. Rg1 Rf7 17. a4
a6 18. a5 $6 ({After} 18. c5 {or 18.Kb2 White would be clearly better.}) 18...
g6 (18... c5 $1 19. Bxc5 Nc6 $132) 19. Rg5 Rf6 20. hxg6 (20. Bd4 Rf7 21. Kd2
$16) 20... Rxg6 21. c5 Ke8 22. Bd3 Rxg5 (22... Kf7 $2 23. Rh5 $16) 23. Bxg5 h5
24. Kd2 Kf8 $6 (24... Ng6 $5 25. exf5 Ne5 26. Be4 Bd5 (26... Bxf5 27. Bxf5
Nxf3+ 28. Ke3 Nxg5 29. Bc8 h4 30. Bxb7 h3 31. Bxc6+ {and White should be
winning}) 27. Ke3 Nc4+ 28. Kd4 Nxa5 {with some chances for Black.}) 25. Ke3 Kf7
26. Bxe7 $1 {Excellent assessment by the World Champion!} (26. Bf4 {was good
as well, but would allow some counterplay with} h4 27. Bxc7 Kf6 $132) 26...
Kxe7 27. e5 h4 (27... f4+ $6 {doesn't work:} 28. Kxf4 h4 29. Bf1 Kf7 30. Kg5 $1
h3 31. Kh4 h2 32. Bg2 $18) 28. f4 Kd7 29. f3 b6 (29... Ke7 30. Kf2 Kf7 31. Kg2
Kg6 32. Kh3 Kh5 33. c3 $22 Kg6 $1 (33... Bd7 34. Bc4 $18) 34. Kxh4 Kh6 {
and White will bring his king to d4, play Bc4, and should be winning.}) 30.
axb6 cxb6 31. Bxa6 $3 (31. cxb6 h3 32. Kf2 a5 $132) 31... b5 (31... bxc5 {
shouldn't hold a draw, for example:} 32. Be2 Ke7 33. Kf2 Kf7 34. Kg2 Kg6 35.
Kh3 Kh5 36. Ba6 c4 37. c3 Bd5 38. Bc8 Kg6 39. Kxh4 Bxf3 40. Be6 Be2 41. Bd7 Bf3
42. Be8+ Kg7 43. Kg5 $18) 32. Kf2 Kc7 33. Kg2 Kb8 34. Kh3 Ka7 35. Kxh4 Kxa6 36.
Kg5 {And it is just an easy win for White.} Kb7 (36... Ka5 37. Kf6 Bc8 38. e6
Kb4 39. Kxf5 Kc3 40. Ke5 Kxc2 41. f5 b4 42. e7 Bd7 43. f6 Be8 44. Ke6 b3 45. f7
Bxf7+ 46. Kxf7 b2 47. e8=Q b1=Q 48. Qe4+ $18) 37. Kf6 Bd5 38. c3 $5 {Not
necessary - but putting the pawn on a dark-square when Black has a
light-square bishop doesn't hurt.} (38. e6 Kc7 39. Kxf5 $18) 38... Kc7 39. Kxf5
Kd7 40. Kf6 Bxf3 41. e6+ Ke8 42. Ke5 Bg4 43. f5 Bh3 44. f6 Bg4 45. Kd6 Bh3 46.
e7 $1 (46. f7+ $4 Kf8 $11) 46... Kf7 47. Kxc6 1-0

[Event "Lindores Abbey Final 8"]
[Site "chess24.com INT"]
[Date "2020.05.30"]
[Round "2.35"]
[White "Carlsen, M."]
[Black "Nakamura, Hikaru"]
[Result "0-1"]
[WhiteElo "2863"]
[BlackElo "2736"]
[Annotator "Edouard,R"]
[PlyCount "84"]
[EventDate "2020.05.23"]
[EventType "k.o. (rapid)"]
[EventRounds "3"]
[EventCountry "USA"]
[SourceTitle "CBM 196 Extra"]
[Source "ChessBase"]
[SourceDate "2020.07.31"]
[SourceVersion "1"]
[SourceVersionDate "2020.07.31"]
[SourceQuality "1"]

1. d4 Nf6 2. c4 e6 3. Nf3 d5 4. Nc3 Be7 5. Bf4 O-O 6. e3 Nbd7 7. Be2 dxc4 8.
O-O (8. Bxc4 {is less precise, as after} a6 9. a4 c5 10. d5 $2 {Black would
have} Nb6 $132) 8... a6 $5 {Nakamura's favourite move, while other players
prefer 8...c5 or 8...Nb6.} 9. a4 Nd5 (9... c5 10. d5 $1 {is supposed to give
White a slight advantage.}) 10. Bg3 {Almost a novelty!} (10. Bxc4 Nxf4 11. exf4
c5 12. dxc5 Bxc5 13. Qe2 {was the game Ding Liren (2801)-Aronian,L (2775)
London 2019, 1-0 (35), game which I definitely advise to see if you haven't!})
10... c5 $146 ({The only high level game played in that position continued} 
10... b6 11. Bxc4 Nxc3 12. bxc3 Bb7 13. Bd3 Bd6 {and Black was close to
equality: Navara,D (2734)-Ivanchuk,V (2726) Berlin 2015, ½-½ (65).}) 11. Bxc4
cxd4 12. exd4 N7b6 $5 (12... N7f6 {was the alternative.}) 13. Bb3 a5 14. Ne5
Bd7 15. Ne4 Bc6 $6 (15... Rc8 {followed by ...Nb4 seemed quite fine for Black.}
) 16. Nxc6 bxc6 17. Rc1 Nb4 18. Qe2 $1 {Thanks to the bishop pair, White has a
slight advantage. Now he manages to link his rooks.} N6d5 (18... Qxd4 $4 19.
Rfd1 $18) 19. Rfd1 $6 (19. Rfe1 {may have been a better move against possible .
..f5 complications.}) 19... Re8 $6 (19... f5 $1 20. Nd6 $1 Qd7 $1 (20... f4 21.
Qxe6+ Kh8 22. Nf7+ Rxf7 23. Qxf7 fxg3 24. hxg3 $14) 21. Nc4 $8 f4 22. Nb6 $8
Qd6 23. Nxa8 fxg3 24. hxg3 Rxa8 25. Re1 $13 {Awesome line!}) 20. Qf3 (20. h3 $5
{making space for the g3-bishop also made sense.}) 20... Ra7 (20... f5 $5 {
again deserved attention.}) 21. Be5 {Magnus definitely wants Hikaru to move
his f-pawn, to create a weakness on e6.} Bf8 {But Nakamura doesn't want to do
it!} ({However, after} 21... f6 22. Bg3 f5 23. Nc5 Bxc5 (23... Bg5 $5) 24. Rxc5
f4 25. Bxf4 Rf7 {the position looks unclear.}) 22. Qg3 f6 23. Bd6 Bxd6 24. Nxd6
{Now that these bishops are gone, White has a stable plus!} Rf8 25. Ne4 $5 {
Keeping as many pieces as possible.} (25. Re1 $5 Nd3 26. Qxd3 Qxd6 27. Rc5 $14)
(25. Rc5 $5) 25... Qb8 26. Qf3 Re8 27. g3 Kh8 28. Nc5 Rae7 29. Bc4 e5 {A
natural follow-up, although Black was solid if he didn't touch anything.} 30.
dxe5 Qxe5 31. Rd2 Qg5 $6 (31... Nb6 $1 {seemed more urgent than leaving the
e-file. Still, after} 32. Bf1 {White is a bit better.}) 32. Nb3 $1 {Now Black
has problems with his a5-pawn.} Nb6 33. h4 Qe5 34. Re2 Qc7 35. Rxe7 Qxe7 36.
Nxa5 Qe5 {The best practical chance - let's remind that this game was an
Armageddon!} (36... Nxa4 37. b3 Nc5 38. Nxc6 {would be too easy for White.})
37. Nb3 $2 (37. Bf7 $1 Rf8 38. Nxc6 Nxc6 39. Qxc6 {was the most direct win.}) (
37. Nxc6 $5 {worked as well:} Qxb2 38. Rd1 Nxc4 39. Qe4 $3 {collecting the
piece back!}) 37... Nxa4 38. Bf7 Rf8 39. Rc4 Rxf7 40. Rxb4 $4 {What a blunder!}
(40. Re4 {(or 40.Qe4, or even 40.Qg4) was about equal. But Magnus needed to
win since that game, as I've just mentioned, was an Armageddon.}) 40... Qe1+ {
Now it's all over.} 41. Kh2 Qxb4 42. Qxc6 Rf8 0-1

[Event "Chessable Masters GpA"]
[Site "chess24.com INT"]
[Date "2020.06.20"]
[Round "4"]
[White "Carlsen, Magnus"]
[Black "Dubov, Daniil"]
[Result "0-1"]
[WhiteElo "2863"]
[BlackElo "2699"]
[Annotator "Edouard,R"]
[PlyCount "92"]
[EventDate "2020.06.20"]
[EventType "tourn (rapid)"]
[EventRounds "10"]
[EventCountry "GER"]
[EventCategory "21"]
[SourceTitle "CBM 197"]
[Source "ChessBase"]
[SourceDate "2020.07.27"]
[SourceVersion "1"]
[SourceVersionDate "2020.07.27"]
[SourceQuality "1"]

{[%evp 0,92,24,26,26,12,70,32,46,15,47,16,63,29,56,34,41,22,73,1,28,7,22,21,21,
32,32,30,28,24,17,-79,-65,-60,-64,-72,-15,-20,5,0,7,-10,-6,-11,2,-60,45,31,141,
15,8,-13,-35,-85,-121,-179,86,-199,-205,-280,-277,-279,-291,-312,-196,-157,-90,
-108,-108,-120,-120,-120,-93,-172,-159,-153,-138,-153,-62,-143,-123,-180,-192,
-149,-130,-168,-182,-209,-295,-469,-469,-655,-749,-749,-749]} 1. d4 Nf6 2. Nf3
c6 3. h3 $5 {A funny way to prepare Bf4, as the move h3 is useful against
future ...Nh5 ideas. By delaying Bf4, White also delays a possible ...Qb6 to
attack the b2-pawn.} d6 4. Bf4 Nbd7 ({In the event of} 4... Qb6 {White could
sac a pawn with} 5. Nbd2 {and e2-e4. Note a logical answer if the pawn was on
d7 would be ...d5, but to play ...d6 and then ...d5 makes little sense.
Another advantage of 3.h3!}) 5. e3 g6 6. Be2 Bg7 7. O-O O-O 8. c4 ({Older
games went} 8. Nbd2 {- definitely more efficient against 8...Ne4, but also
less aggressive!}) 8... Ne4 9. Qc2 e5 $1 $146 {An excellent novelty!} (9... f5
{was always played so far, but Black almost always ended up having a "bad
Dutch" position.}) 10. Bh2 ({Black would be happy to sac a pawn with} 10. Qxe4
$6 Nf6 11. Qc2 exf4 12. exf4 Nh5 $36) (10. dxe5 dxe5 11. Qxe4 $2 exf4 {is even
worse as b2 is hanging.}) 10... Ng5 11. Nbd2 Nxf3+ 12. Nxf3 Re8 {With the move
9...e5 Black managed not to weaken anything.} 13. Rfd1 Qe7 14. Rac1 exd4 15.
exd4 $5 {Difficult to say if Magnus missed Dubov's next move winning an
exchange to deliverately sacced it - although knowing Magnus, option 2 is a
bit more likely!} (15. Nxd4 {would be safe but Black would be fine after} Be5
$1 {neutralizing the h2-bishop.} (15... a5 16. Nf3 Ne5 {is possible as well.}))
15... Bh6 (15... Qxe2 $2 16. Re1 $18) 16. Bd3 Bxc1 17. Qxc1 Qf6 {According to
the engine, this move is unprecise. Later, f6 is rather a square for the
f7-pawn to consolidate the dark squares.} (17... Nb6 $5 {with the idea of ...
Be6 made a lot of sense. White has compensation, but he isn't better!}) 18. Bf4
$1 Nf8 (18... d5 {- preventing White's 20th move - was better, it seems. It
isn't a logical move against Bf4 systems, but somehow the last moves changed
the nature of the position and now White's bishop is trying to change his
diagonal. After 19.Ne5 or 19.Nh2 White has compensation for equality.}) 19. Bg5
Qh8 20. d5 $1 {With this move, White paralyzes a bit Black's pieces, and his
initiative starts to be good enough to play for an advantage. The main
explication is that is gains space, and that the d6-pawn will remain a
weakness.} cxd5 21. cxd5 Nd7 22. Bb5 Qg7 ({Black probably didn't play} 22... a6
{due to} 23. Bxd7 Bxd7 24. Qf4 {threatening Bf6 and Qxd6; however, here Black
can equalize in an elegant maneer:} f6 $1 25. Bxf6 Rf8 26. Qxd6 Qxf6 27. Qxd7
Rf7 $13) 23. Bh6 Qf6 24. Rd4 $2 {Magnus is right to play for a win, but he
chose the wrong move.} (24. Qc7 $1 {was pausing great problems:} Qd8 (24... Qe7
25. Qc3 $1 f6 26. Re1 $18) 25. Qxd6 (25. Qc3 $5 f6 26. Nd4 {is pretty annoying
as well}) 25... Ne5 $1 (25... Nf6 26. Qb4 Bd7 27. Bxd7 Nxd7 28. d6 $16) 26. Qb4
$5 Nxf3+ 27. gxf3 Re5 28. Qd4 f6 29. Bf4 $16) 24... a6 25. Rf4 $5 ({Again,
Magnus refuses to make a draw with} 25. Bg5 Qg7 26. Bh6 {and perpetual check...
on the queen!}) 25... Qe7 26. Bxd7 Bxd7 27. Bg5 Rac8 $1 (27... Qe2 28. Qc7 {
should be problematic for Black.}) 28. Qa1 $2 (28. Qxc8 {would lead to a dry
equality. Thus Magnus found another way to continue the game - but this time
took a wrong decision.}) 28... Qe2 29. b3 Rc2 30. Bh4 Rb2 ({There was nothing
wrong with} 30... Rxa2 {as} 31. Qf6 {is answered with} Qd1+ 32. Kh2 Qxd5 $19)
31. Kh2 {A fun way to paralyze the White queen.} Qc2 (31... h6 {was good as
well.}) 32. Rc4 Qb1 {Dubov is right about that - without queens on the board,
he's definitely better.} 33. Qxb1 Rxb1 34. Rc7 Bf5 35. Bf6 h6 36. Nd2 (36. Rxb7
Be4 37. Nd4 Bxd5 $17) 36... Rd1 37. Nc4 Rxd5 38. Rxb7 Be6 39. Ra7 Rd1 40. Nb2
$2 (40. Rxa6 {was necessarg to keep some chances.}) 40... Rd2 41. Kg3 g5 $1 {
Now it's all over. White became passve the the black king has nothing to fear
any more.} 42. Rxa6 Rc8 43. h4 gxh4+ 44. Kf3 Rcc2 45. Na4 Rxf2+ 46. Ke3 Rxf6
0-1

[Event "Chessable Masters GpA"]
[Site "chess24.com INT"]
[Date "2020.06.22"]
[Round "6"]
[White "Carlsen, Magnus"]
[Black "Nakamura, Hikaru"]
[Result "1-0"]
[WhiteElo "2863"]
[BlackElo "2736"]
[Annotator "Edouard,R"]
[PlyCount "55"]
[EventDate "2020.06.20"]
[EventType "tourn (rapid)"]
[EventRounds "10"]
[EventCountry "GER"]
[EventCategory "21"]
[SourceTitle "CBM 197"]
[Source "ChessBase"]
[SourceDate "2020.07.27"]
[SourceVersion "1"]
[SourceVersionDate "2020.07.27"]
[SourceQuality "1"]

{[%evp 0,55,26,25,30,-9,-9,3,3,-13,15,15,31,1,31,22,39,65,61,63,123,119,113,78,
123,99,121,97,135,91,103,86,109,43,170,89,173,187,171,173,173,168,168,195,199,
193,224,89,192,136,232,262,222,273,303,297,721,721]} 1. d4 Nf6 2. c4 e6 3. Nf3
d5 4. Nc3 Be7 5. Bf4 O-O 6. a3 $5 Nbd7 ({The main move here is} 6... b6 {
but Nakamura decided otherwise.}) 7. Nb5 Ne8 {By playing this move, Black
slows down his play, but of course White is also losing time with his
b5-knight.} (7... c6 $2 {loses to} 8. Bc7 Qe8 9. Nd6 $18) 8. e3 dxc4 {Probably
not the best move, but Black has been struggling to equalize with other moves
as well.} (8... a6 9. Nc3 Nef6 10. cxd5 Nxd5 11. Nxd5 exd5 12. Bd3 c5 13. Rc1 (
13. O-O $5) (13. dxc5 Nxc5 14. O-O {is possible as well.}) 13... cxd4 $6 (13...
Qa5+ {looked much more natural, but here Blac can try the interesting} 14. b4
$5 cxb4 15. Bc7 b6 16. axb4 Qxb4+ 17. Ke2 {with full compensation.}) (13... c4
14. Bb1 Qa5+ {might be best.}) 14. Nxd4 (14. Bc7 $5) 14... Qa5+ 15. Kf1 Qd8 16.
g4 $5 Nc5 17. Bb1 Ne4 18. Kg2 Bg5 19. f3 Nd6 20. Re1 $14 {½-½ (67)
Mamedyarov,S (2772)-Zvjaginsev,V (2627) Moscow 2019}) (8... Ndf6 9. Rc1 c6 (
9... Nh5 10. Bg3 g6 11. Be2 dxc4 12. Bxc4 Nd6 13. Qe2 Bd7 14. O-O a6 15. Nc3
Rc8 16. b4 $14 {1-0 (33) Fressinet,L (2670)-Aleksandrov,A (2601) Rijeka 2010})
10. Nc3 b6 11. Qa4 Bb7 12. cxd5 exd5 13. Ne5 b5 14. Qc2 $14 {½-½ (36)
Vitiugov,N (2709)-Yu Yangyi (2764) Shenzhen 2018}) (8... c6 {was played the
most often:} 9. Nc3 f5 10. h3 (10. h4 $5) 10... Nd6 11. cxd5 exd5 12. Bd3 Nf6
13. Ne5 {and there were several games, but White is a bit better.}) 9. Bxc4 c5
$6 $146 {This just seems like a poor (and surely decided over-the-board)
novelty. Black had two tries to equalize.} (9... a6 10. Nc3 b5 11. Be2 $5 (11.
Bd3 Bb7 12. b4 $5 a5 13. Rb1 axb4 14. axb4 Bxf3 15. Qxf3 Ra3 16. Kd2 {was
played in the game Sanikidze,T (2527)-Maghalashvili,D (2504) GEO 2015, 0-1 (65)
, but Black after} Bd6 $5 $146 {the position is unclear.}) 11... c5 12. O-O Bb7
13. d5 (13. dxc5 Nxc5 14. b4 Ne4 15. Nxe4 Bxe4 {shouldn't promise White
anything.}) 13... exd5 14. Nxd5 Bd6 15. a4 c4 (15... Ndf6 $5) (15... Nb6 $5)
16. Bg5 f6 17. Bh4 Nc5 18. axb5 axb5 19. Nc3 Rxa1 20. Qxa1 Bxf3 (20... Nb3 $5)
21. gxf3 Qb8 22. Bg3 Bxg3 23. hxg3 $14 {1-0 (32) Mamedyarov,S (2772)-Jakovenko,
D (2698) Jerusalem 2019}) (9... Nd6 10. Qc2 $5 (10. Nxd6 Bxd6 11. Bxd6 cxd6 12.
O-O b6 (12... Nf6 $5) 13. Rc1 Bb7 14. d5 $1 e5 15. Bb5 Nf6 (15... Rc8 $1 16.
Bc6 $6 Ba6 17. Re1 Nc5 $132) 16. Bc6 Qe7 17. Nxe5 $1 dxe5 18. d6 Qe6 19. Bxb7
Rad8 20. Qa4 a5 21. Rfd1 Rxd6 22. Rc6 Rxc6 23. Qxc6 Qb3 24. Rd2 $16 {1-0 (57)
Xiong,J (2707)-Tabatabaei,M (2642) Khanty-Mansiysk RUS 2019}) (10. Bd3 $5 Nxb5
11. Bxb5 a6 12. Bd3 c5 13. Qc2 $1 Qa5+ (13... h6 14. O-O cxd4 15. Bc7 Qe8 16.
Nxd4 $14) 14. b4 $1 cxb4 15. O-O $1 bxa3 16. Bxh7+ Kh8 17. Bd3 Nf6 18. Rfb1 $36
) (10. Be2 $5 {with the same idea is 10.Bd3.}) 10... a6 11. Nxd6 cxd6 12. Bd3
h6 13. O-O Nb6 14. e4 Bd7 15. Qe2 $14 {½-½ (50) Wojtaszek,R (2701)-Neverov,V
(2489) Legnica 2013}) 10. dxc5 a6 11. Nbd4 Bxc5 ({After} 11... Nxc5 12. O-O {
Black also have difficulties to organize his pieces as} b5 $2 {loses to} 13.
Nc6 $18) 12. O-O Qe7 13. Rc1 Bd6 14. Ba2 $1 {Black's postion is even worse
than it looks. Black could never manage to play ...b5.} Ndf6 (14... Bxf4 15.
exf4 $16) 15. Ne5 Nd7 $2 (15... Nd5 16. Bg3 $16) 16. Ndc6 $1 {A nice tactics!}
Qh4 (16... bxc6 17. Nxc6) 17. Bg3 Qg5 18. h4 Qf6 19. Ng4 Qxb2 20. Bxd6 bxc6 (
20... Nxd6 21. Ne7+ Kh8 22. Qxd6 Qxa2 23. Nxc8 $18) 21. Rc2 Qb5 22. Bxf8 Nxf8
23. h5 $6 (23. Qd8 {or 23.Qd4 were stronger according to the engine.}) 23... h6
({Black could simply take on h5. After} 23... Qxh5 {White should still be
winning:} 24. Qd8 (24. Qd4 $5) 24... Bb7 25. Qb6 Rb8 26. Qa7 Rd8 27. Qxb7 Qxg4
28. Rxc6 {White is just winning.}) 24. Qf3 Qxh5 {Now it's too late!} 25. Qxc6
Nc7 26. Qf3 Nd5 27. e4 e5 28. Nxh6+ $1 1-0